000 00920nam a2200265Ia 4500
003 OSt
005 20221005111258.0
006 a|||||r|||| 00| 0
007 ta
008 221004b |||||||| |||| 00| 0 hin d
020 _a9789350723272 (hbk)
_c50
024 _a12097
037 _b325, 20/03/2014, Vani Prakashan
_cTextual
040 _aCRL
_cCRL
_bhin
041 _2hin
_ahin
082 _aO152,3M80, Q3
100 _aप्रेमचन्द
245 0 _aपॉंच बेहतरीन कहानियॉं
246 _aPaॉancha behatarīn kahāniyaॉan
260 _aनई दिल्ली
_bवाणी प्रकाशन भारत
_c2013
300 _a58पृ0
_ccm.
650 _aहिन्दी साहित्य
942 _hO152,3M80, Q3
_cTEXL
_2cc
999 _c1021358
_d1021358